000 00403nam a2200133Ia 4500
005 20260326100035.0
008 260326s9999||||xx |||||||||||||| ||und||
100 _aLópez Serrano, Matilde
245 0 _aEl Escorial :
_b El monasterio y las casitas del principe y el infante /
_cMatilde López Serrano
260 _bPatrimonio Cultural
300 _a223 p.
650 _aARQUITECTURA REGIONAL
942 _cBK
999 _c6771
_d6771